000 01010nam0a2200265 4500
001 RU\NLR\BIBL_A\010588570
005 20250614075641.0
010 _a5-7696-0773-4
_96000
035 _a(NLR Aleph) 010588570
090 _a10493107
_c10493107
100 _a20150121d1995 |||y0rusy50 ca
101 0 _asah
102 _aRU
105 _aa z 000yy
200 1 _aСуорҕан иһиттэн бклуллубут
_e(новеллалар)
_e[улахан саастаах оскула оҕолоругар]
_fУйбаан Нуолур
210 _aДьокуускай
_cБичик
_d1995
215 _a22,[2] с.
_cил.
_d20
300 _aВ вып. дан. авт.: Иванов Иван Григорьевич (Уйбан Нуолур)
541 1 _aЭхо войны
_eдля детей ст. шк. возраста
_zrus
686 1 _aШ9(2)6=Я-4
790 1 _aНуолур
_bИ.
_gИван
_4070
852 _aNLR
_bОНЛ
_jЯкут./2-2899
942 _cBOOK
980 _aNB